000
00244nam a2200109Ia 4500
008
190216s9999||||xx |||||||||||||| ||und||
100
_a
Jaggi G L
245
0
_a
Competition Times
260
_b
Pradeep Pub
_c
1998
300
_a
1078p
942
_c
REF
999
_c
36377
_d
36377